000 00587nam a22002057i 4500
003 URS
005 20220117120612.0
008 180507b xxu||||| |||| 00| 0 eng d
040 _erda
_cURS
_beng
050 _aLC191.4
_b.S684 2010
100 _aSPRING ,JOEL
245 _aAMERICAN EDUCATION /
_cJOEL SPRING. __
264 1 _aNEW YORK:
_bMCGRAW-HILL,
_c2010.
300 _a319 PAGES:
_c23 CM.
336 _atext
_btxt
_2rdacontent
337 _aunmediated
_bn
_2rdamedia
338 _avolume
_bnc
_2rdacarrier
504 _a Includes bibliographical references and index
942 _2lcc
_cFR
999 _c4972
_d4972